Entrepreneurship in Theory and Practice: Paradoxes in Play (Record no. 43395)

MARC details
000 -LEADER
fixed length control field 00505nam a22001817a 4500
005 - DATE AND TIME OF LATEST TRANSACTION
control field 20250325160737.0
008 - FIXED-LENGTH DATA ELEMENTS--GENERAL INFORMATION
fixed length control field 250325b |||||||| |||| 00| 0 eng d
020 ## - INTERNATIONAL STANDARD BOOK NUMBER
International Standard Book Number 9780857935311
041 ## - LANGUAGE CODE
Language code of text/sound track or separate title Eng.
082 ## - DEWEY DECIMAL CLASSIFICATION NUMBER
Classification number 338.04 NIE
100 ## - MAIN ENTRY--PERSONAL NAME
Author Nielsen, Lowe Suna
245 ## - TITLE STATEMENT
Title Entrepreneurship in Theory and Practice: Paradoxes in Play
260 ## - PUBLICATION, DISTRIBUTION, ETC.
Place UK
Publisher Edward Elgar
Publication Year 2014
300 ## - PHYSICAL DESCRIPTION
Extent 236;. P 24 cm
650 ## - SUBJECT ADDED ENTRY--TOPICAL TERM
Subject Entrepreneurship
700 ## - ADDED ENTRY--PERSONAL NAME
Co-Author Klyver, Kim and Evald, Rosrgaard Majbritt
942 ## - ADDED ENTRY ELEMENTS (KOHA)
Koha item type Books
Holdings
Withdrawn status Lost status Source of classification or shelving scheme Damaged status Not for loan Home library Current library Shelving location Accession Date Vendor Price Bill number Total Checkouts Full call number Barcode No Date last seen Date last checked out Discount Bill Date Koha item type Suggested By
    Dewey Decimal Classification     IMTN IMTN Rack 11-B 03/18/2025 Raghav Books Private Limited 4215.90 2374 1 338.04 NIE 33686 04/21/2025 04/17/2025 33 02/14/2025 Books Dr. Senthil Kumar
Designed & Maintained by: LRC IMT Nagpur Contact: lrc@imtnag.ac.in© 2024. All Rights Reserved.